Tennis - Les Joueurs avec un Revers à Une Main - Statistiques

Statistiques générales
  • Ce quiz a été pris 531 fois
  • Le résultat moyen est 6 sur 11
Statistiques - réponses
Classement ATP Nationalité Joueur % Correct
11 Grèce Stefanos Tsitsipas
99%
13 Bulgarie Grigor Dimitrov
97%
26 Italie Lorenzo Musetti
86%
67 Suisse Stanislas Wawrinka
76%
89 Autriche Dominic Thiem
66%
55 Allemagne Daniel Altmaier
47%
42 Royaume-Uni Daniel Evans
46%
58 Serbie Dusan Lajovic
45%
34 États-Unis Christopher Eubanks
36%
100 États-Unis Aleksandar Kovacevic
17%
65 Australie Christopher O'Connell
17%
Aucun quiz correspondant
Distribution des résultats
% des personnes avec chaque résultat
Percentile par nombre de réponses
Votre historique - résultats
Vous n’avez pas pris ce quiz